[Event "GER-chT U14"]
[Site "Verden"]
[Date "2015.12.30"]
[Round "7.3"]
[White "Deppert, Smilla"]
[Black "Knuedel, Torben"]
[Result "0-1"]
[WhiteElo "1110"]
[BlackElo "1701"]
[PlyCount "54"]
[EventDate "2015.12.27"]
[EventType "team-swiss"]
[EventRounds "7"]
[EventCountry "GER"]
[SourceTitle "EXT 2017"]
[Source "ChessBase"]
[SourceDate "2016.10.25"]
[SourceVersion "1"]
[SourceVersionDate "2016.10.25"]
[SourceQuality "1"]
[WhiteTeam "Bann"]
[BlackTeam "Uelzen Post"]
[WhiteTeamCountry "GER"]
[BlackTeamCountry "GER"]

1. e4 c5 2. Nc3 Nc6 3. Nf3 e6 4. d4 cxd4 5. Nxd4 Nf6 6. Be3 d5 7. Bb5 Qc7 8. Qf3 Bb4 9. Bd2 0-0 10. Nde2 d4 11. Bxc6 dxc3 12. bxc3 Qxc6 13. cxb4 Qxc2 14. Nc3 Rd8 15. Qe2 b6 16. f3 Bb7 17. Qe3 Rd3 18. Qe2 Rad8 19. Rd1 Rxd2 20. Rxd2 Qxc3 21. e5 Ba6 22. Qd1 Qe3+ 23. Re2 Rxd1+ 24. Kxd1 Bxe2+ 25. Kc2 Nd5 26. Rc1 Bd3+ 27. Kb2 Qd4+ 0-1